000 00548nam a22001817a 4500
005 20180502121750.0
010 _aENG-122850
020 _a9789387164116
_c399.00
035 _aEN-106382
037 _bDBAD/PUB
082 _a881
100 _aBond, Ruskin
245 _aI was the wind last night :
_cby Ruskin Bond
_bnew and collected poems /
260 _aNew Delhi
_bSpeaking Tiger
_c2017
270 _a4381/4, Ansari Road, Daryaganj,
_bNew Delhi
_e110002
300 _a185p.
_c20cm(Hb)
_bill.
942 _2ddc
_cEN
_mBON
_h881
999 _c151823
_d151823